000 00325nam a2200145Ia 4500
100 _aDEB/S.R./ DEB/S.
650 _aPRODUCTION
942 _cBK
366 _f20
245 _aROBOTICS TECH. AND FLEXIBLE AUTOMATION
260 _bTata McGrawhill
_a2010
_c2010
082 _a629.892/DEB
300 _a552
546 _aENGLISH
999 _c24880
_d24880